Prehistoria de la region pampeana sur /

Guardado en:
Autor Principal: Austral, Antonio G.
Formato: Libro
Publicado: Bahia Blanca : Extension Cultural De La Universidad Nacional Del Sur, 1968
Materias:
Etiquetas: Agregar Etiqueta
Sin Etiquetas, Sea el primero en etiquetar este registro!
LEADER 00587nam a22001695a 4500
001 EHU.bham004172
003 AR-BHAM
005 20070306173651.0
008 130507s1968##################000#0#####d
082 5 7 |a 571 
100 1 |a Austral, Antonio G. 
245 1 0 |a Prehistoria de la region pampeana sur /  |c Antonio G. Austral. 
260 |a Bahia Blanca :  |b Extension Cultural De La Universidad Nacional Del Sur,  |c 1968 
300 |a 22 p. 
653 |a Arqueologia 
859 |a AR-BHAM  |b BIB. HUMANIDADES - General  |h 571  |i Au78-1  |p 178.71  |t Ej.1 
859 |a AR-BHAM  |b BIB. HUMANIDADES - General  |h 571  |i Au78-1  |p 7.15  |t Ej.2